Pays de l'OSCE - Statistiques

Statistiques générales
  • Ce quiz a été pris 51 fois
  • Le résultat moyen est 47 sur 57
Statistiques - réponses
Depuis Pays % Correct
1973 France
100%
1973 Allemagne
96%
1973 Portugal
96%
1973 Russie
96%
1973 Belgique
92%
1973 Espagne
92%
1973 Italie
92%
1973 Luxembourg
92%
1973 Norvège
92%
1973 Pays-Bas
92%
1973 Pologne
92%
1973 Royaume-Uni
92%
1993 Slovaquie
92%
1992 Slovénie
92%
1973 Suède
92%
1973 Suisse
92%
1992 Biélorussie
88%
1992 Croatie
88%
1991 Estonie
88%
1973 Finlande
88%
1991 Lituanie
88%
1973 Monaco
88%
2006 Monténégro
88%
1993 République Tchèque
88%
1992 Ukraine
88%
1973 Autriche
84%
1992 Bosnie-Herzégovine
84%
1973 Bulgarie
84%
1973 Canada
84%
1973 Danemark
84%
1973 Etats-Unis
84%
1973 Hongrie
84%
1973 Irlande
84%
1973 Islande
84%
1991 Lettonie
84%
1973 Liechtenstein
84%
1995 Macédoine du Nord
84%
1992 Moldavie
84%
1973 Roumanie
84%
1973 Turquie
84%
1973 Vatican
84%
1996 Andorre
80%
1992 Azerbaïdjan
80%
1992 Géorgie
80%
1973 Grèce
80%
1973 Serbie
80%
1992 Arménie
76%
1973 Saint-Marin
76%
1973 Chypre
72%
1973 Malte
72%
1991 Albanie
64%
1992 Kazakhstan
64%
1992 Turkménistan
60%
1992 Kirghizistan
56%
2012 Mongolie
56%
1992 Ouzbékistan
56%
1992 Tadjikistan
56%
Aucun quiz correspondant
Distribution des résultats
% des personnes avec chaque résultat
Percentile par nombre de réponses
Votre historique - résultats
Vous n’avez pas pris ce quiz